| 000 | 00583nam a22001697a 4500 | ||
|---|---|---|---|
| 003 | MACL | ||
| 005 | 20160128154049.0 | ||
| 008 | 160128b xxu||||| |||| 00| 0 eng d | ||
| 040 | _cMACL | ||
| 041 | _aHindi | ||
| 082 | _a385.076 | ||
| 100 |
_aडॉ एस सेठी _934975 |
||
| 245 | _aकैरिशयर्स गाइड रेलवे रिक्रूटमेंट बोर्ड | ||
| 260 |
_aदिल्ली _bब्राईट कैरियर्स इन्स्टीटयूट _c2003 |
||
| 650 |
_aRail Road _94562 |
||
| 942 |
_2ddc _cHIN |
||
| 999 |
_c52883 _d52883 |
||